01076cam a22002771a 4500001001300000003000400013005001700017008004100034010001700075035002000092040004800112042001200160050002700172051001500199100001800214245005400232260003300286300002000319490007900339500007100418501016900489504002800658650002900686830006600715999001700781e 19000608 DLC20260227111210.0860124s1919 dcu b f000 0 eng c ae 19000608  a(OCoLC)13058657 aU.S. Off. of Educ. LibrarycABAUdABAUdDLC apremarc00aL111b.A6 1919, no. 37 aLA832b.B31 aBach, Theresa10aEducational changes in Russia /cby Theresa Bach. aWashington :bG.P.O.,c1919. a26 p. ;c23 cm.1 aBulletin / Department of the Interior, Bureau of Education ;v1919, no. 37 a"Advance sheets from the Biennial survey of education, 1916-1918." aCopy 1 of L111.A6 with: Vocational education, 1919, no. 25 / William T. Bawden. Washington : Govt. Print. Off., 1919. Bound together subsequent to publication.5DLC aBibliography: p. 25-26. 0aEducationzSoviet Union. 0aBulletin (United States. Bureau of Education) ;v1919, no. 37 c20320d20320